000 00525nam a2200181Ia 4500
999 _c16890
_d16890
003 OSt
005 20200606120024.0
008 190216s9999||||xx |||||||||||||| ||und||
020 _a9788170545125
040 _cMESKC library
082 _a891.432
_bKUM/U
100 _aKumar, Vijay
_9306
245 0 _aUtharsadi Ke Hindi Kavyanadak /
_cVijay Kumar
260 _bClassical Publications,
_c2010.
_aNew Delhi:
300 _a160p
650 _aHindi
942 _cBK
_2ddc
_h891.432
_iKUM/U
_k891.432
_mKUM/U